Statistiques concernant Films commençant par B par images

Cliquez ici pour prendre le quiz!

Statistiques générales

  • Ce quiz a été pris 1 406 fois
  • Le résultat moyen est 17 sur 24

Statistiques - réponses

Réponse% Correct
Bambi
99%
Barbie
99%
Batman
99%
Blanche Neige et les sept nains
99%
Brice de Nice
97%
La Belle et la Bête
97%
Buzz l'Éclair
93%
Les Bronzés font du ski
93%
Black Panther
88%
Le Bossu de Notre-Dame
88%
Belle et Sébastien
82%
Bohemian Rhapsody
76%
Bienvenue chez les Ch'tis
75%
La Boum
71%
Babysitting
64%
Le Bon, la brute et le truand
60%
Black Swan
58%
Beetlejuice
47%
Braveheart
43%
Babe, le cochon devenu berger
42%
Babylon
40%
Bruce-tout-puissant
39%
Battle Royale
18%
La Belle époque
12%

Distribution des résultats

Percentile par nombre de réponses

% des personnes avec chaque résultat

Votre développement - résultats

Vous n’avez pas pris ce quiz